The Railway Children/ (Record no. 214181)

MARC details
000 -LEADER
fixed length control field 00503nam a22001817a 4500
005 - DATE AND TIME OF LATEST TRANSACTION
control field 20260115154939.0
010 ## - LCCN (DPL NO)
LC control number ENG-147490
020 ## - INTERNATIONAL STANDARD BOOK NUMBER
International Standard Book Number 9789349042704
Terms of availability 199.00
035 ## - SYSTEM CONTROL NUMBER
System control number EN-131022
037 ## - SOURCE OF ACQUISITION
Source of stock number/acquisition DBAD
082 ## - DEWEY DECIMAL CLASSIFICATION NUMBER
Classification number S
Edition number 1
100 ## - MAIN ENTRY--PERSONAL NAME
Personal name Nesbit, Edith
245 ## - TITLE STATEMENT
Title The Railway Children/
Statement of responsibility, etc Edith Nesbit
260 ## - PUBLICATION, DISTRIBUTION, ETC. (IMPRINT)
Place of publication, distribution, etc Chandigarh
Name of publisher, distributor, etc The Browser
Date of publication, distribution, etc 2025
270 ## - ADDRESS
City Chandigarh
Address SCO 14-15, Sector 8-C
Postal code 160009
Electronic mail address service@thebrowser.org
300 ## - PHYSICAL DESCRIPTION
Extent 163p.
Dimensions 20cm(pb)
942 ## - ADDED ENTRY ELEMENTS (KOHA)
Source of classification or shelving scheme Dewey Decimal Classification
Item type English Books
Classification part S
Call number suffix NES
Holdings
Withdrawn status Lost status Not for loan Collection code Home library Current library Date acquired Source of acquisition Cost, normal purchase price Full call number Barcode Copy number Cost, replacement price Koha item type
      Fiction Ashok Vihar Ashok Vihar 15/01/2026 Delivery of Books Act Division 199.00 S NES EN-131022 1 199.00 English Books

© Delhi Public Library
Hit Counter
free hit counter